[Event "Canadian op"]
[Site "Edmonton"]
[Date "2005.07.12"]
[Round "5"]
[White "Masson, Richard"]
[Black "Lyall, David"]
[Result "1-0"]
[WhiteElo "1712"]
[BlackElo "1477"]
[PlyCount "41"]
[EventDate "2005.07.09"]
[EventType "swiss"]
[EventRounds "10"]
[EventCountry "CAN"]
[SourceTitle "CBM 107 Extra"]
[Source "ChessBase"]
[SourceDate "2005.09.01"]
[SourceVersion "1"]
[SourceVersionDate "2005.09.01"]
[SourceQuality "1"]

1. e4 d6 2. Nf3 Nf6 3. Nc3 g6 4. d3 Bg7 5. g3 0-0 6. Bg2 c5 7. h3 Nc6 8. Nh2 Nd7 9. f4 Bd4 10. Nf3 Qa5 11. Bd2 Qb6 12. Nxd4 Nxd4 13. Rb1 e6 14. 0-0 Nb5 15. Ne2 e5 16. g4 c4+ 17. Kh1 cxd3 18. cxd3 Nf6 19. f5 gxf5 20. gxf5 Nh5 21. Bf3 1-0

[Event "Canadian op"]
[Site "Edmonton"]
[Date "2005.07.10"]
[Round "3"]
[White "Vincent, Trevor"]
[Black "Masson, Richard"]
[Result "1-0"]
[WhiteElo "2000"]
[BlackElo "1712"]
[PlyCount "100"]
[EventDate "2005.07.09"]
[EventType "swiss"]
[EventRounds "10"]
[EventCountry "CAN"]
[SourceTitle "CBM 107 Extra"]
[Source "ChessBase"]
[SourceDate "2005.09.01"]
[SourceVersion "1"]
[SourceVersionDate "2005.09.01"]
[SourceQuality "1"]

1. c4 Nf6 2. g3 g6 3. Bg2 d5 4. cxd5 Nxd5 5. Nc3 Nxc3 6. bxc3 Bg7 7. Rb1 c6 8. Nf3 0-0 9. 0-0 Nd7 10. c4 Qa5 11. Qc2 Nf6 12. d3 Rb8 13. Bd2 Qd8 14. Bf4 Ra8 15. Be5 b6 16. Nd4 Bb7 17. Nxc6 Qd7 18. Nd4 Bxg2 19. Kxg2 h5 20. Nf3 Ng4 21. Bxg7 Kxg7 22. Qb2+ f6 23. Qb5 Qb7 24. Kg1 Rad8 25. Rfc1 Rxd3 26. exd3 Qxf3 27. Rf1 Qxd3 28. Rbd1 Qa3 29. Qb3 Qc5 30. Rd5 Qc7 31. Qb5 Ne5 32. f4 Nc6 33. Rfd1 Nb8 34. c5 h4 35. a4 hxg3 36. hxg3 Rh8 37. Rb1 e6 38. Rd6 e5 39. fxe5 fxe5 40. Rbd1 Kh6 41. cxb6 axb6 42. Qxe5 Qc5+ 43. Qxc5 bxc5 44. Rd8 Rxd8 45. Rxd8 Na6 46. Rc8 Kg5 47. Rc6 Nb4 48. Rxc5+ Kg4 49. Kg2 Na6 50. Rc6 Nc5 1-0